<?xml version="1.0" encoding="UTF-8"?>
<collection xmlns="http://www.loc.gov/MARC21/slim">
<record>
  <controlfield tag="001">622354</controlfield>
  <controlfield tag="003">SzGeCERN</controlfield>
  <controlfield tag="005">20210730151910.0</controlfield>
  <datafield tag="035" ind1=" " ind2=" ">
    <subfield code="a">2375197CERCER</subfield>
  </datafield>
  <datafield tag="035" ind1=" " ind2=" ">
    <subfield code="9">SLACCONF</subfield>
    <subfield code="a">490423</subfield>
  </datafield>
  <datafield tag="035" ind1=" " ind2=" ">
    <subfield code="9">INSPIRE-CNUM</subfield>
    <subfield code="a">C04-01-11</subfield>
  </datafield>
  <datafield tag="041" ind1=" " ind2=" ">
    <subfield code="a">eng</subfield>
  </datafield>
  <datafield tag="110" ind1=" " ind2=" ">
    <subfield code="a">Collective</subfield>
  </datafield>
  <datafield tag="111" ind1=" " ind2=" ">
    <subfield code="9">20040111</subfield>
    <subfield code="a">17th International Conference on Ultra-Relativistic Nucleus-Nucleus Collisions</subfield>
    <subfield code="c">Oakland, CA, USA</subfield>
    <subfield code="d">11 - 17 Jan 2004</subfield>
    <subfield code="f">2004</subfield>
    <subfield code="g">oakland20040111</subfield>
    <subfield code="i">C04-01-11</subfield>
    <subfield code="n">17</subfield>
    <subfield code="w">US</subfield>
    <subfield code="z">20040117</subfield>
  </datafield>
  <datafield tag="260" ind1=" " ind2=" ">
    <subfield code="c">2004</subfield>
  </datafield>
  <datafield tag="270" ind1=" " ind2=" ">
    <subfield code="a">Anna Smith: Lawrence Berkeley Laboratory: One Cyclotron Road: MS 70R319: Berkeley, CA 94720-8169 USA</subfield>
    <subfield code="k">+1-510-486-7493</subfield>
    <subfield code="l">+1-510-486-4818</subfield>
    <subfield code="m">QM2004@lbl.gov</subfield>
  </datafield>
  <datafield tag="340" ind1=" " ind2=" ">
    <subfield code="a">ebook</subfield>
  </datafield>
  <datafield tag="595" ind1=" " ind2=" ">
    <subfield code="a">SIS SLAC2003</subfield>
  </datafield>
  <datafield tag="599" ind1=" " ind2=" ">
    <subfield code="a">ILSSYNC</subfield>
  </datafield>
  <datafield tag="599" ind1=" " ind2=" ">
    <subfield code="a">ILSLINK</subfield>
  </datafield>
  <datafield tag="650" ind1="1" ind2="7">
    <subfield code="2">SzGeCERN</subfield>
    <subfield code="a">Nuclear Physics</subfield>
  </datafield>
  <datafield tag="650" ind1="2" ind2="7">
    <subfield code="2">SzGeCERN</subfield>
    <subfield code="a">Conference</subfield>
  </datafield>
  <datafield tag="690" ind1="C" ind2=" ">
    <subfield code="a">CONFERENCE</subfield>
  </datafield>
  <datafield tag="690" ind1="C" ind2=" ">
    <subfield code="a">PROCEEDINGS</subfield>
  </datafield>
  <datafield tag="711" ind1=" " ind2=" ">
    <subfield code="a">Quark Matter 2004</subfield>
  </datafield>
  <datafield tag="711" ind1=" " ind2=" ">
    <subfield code="a">QM 2004</subfield>
  </datafield>
  <datafield tag="773" ind1=" " ind2=" ">
    <subfield code="g">229633</subfield>
    <subfield code="n">8</subfield>
    <subfield code="p">J. Phys. G</subfield>
    <subfield code="v">30</subfield>
    <subfield code="y">2004</subfield>
  </datafield>
  <datafield tag="856" ind1="4" ind2=" ">
    <subfield code="u">http://qm2004.lbl.gov/</subfield>
    <subfield code="y">Conference home page</subfield>
  </datafield>
  <datafield tag="916" ind1=" " ind2=" ">
    <subfield code="a">3</subfield>
    <subfield code="s">n</subfield>
    <subfield code="w">200319</subfield>
  </datafield>
  <datafield tag="960" ind1=" " ind2=" ">
    <subfield code="a">43</subfield>
  </datafield>
  <datafield tag="961" ind1=" " ind2=" ">
    <subfield code="c">20100927</subfield>
    <subfield code="h">0927</subfield>
    <subfield code="l">CER01</subfield>
    <subfield code="x">20030512</subfield>
  </datafield>
  <datafield tag="963" ind1=" " ind2=" ">
    <subfield code="a">PUBLIC</subfield>
  </datafield>
  <datafield tag="970" ind1=" " ind2=" ">
    <subfield code="a">002375197CER</subfield>
  </datafield>
  <datafield tag="980" ind1=" " ind2=" ">
    <subfield code="a">PROCEEDINGS</subfield>
  </datafield>
</record>
<record xmlns="http://www.loc.gov/MARC21/slim">
	<controlfield tag="001">628732</controlfield>
   <datafield tag="961" ind1="" ind2="">
      <subfield code="c">20040608</subfield>
      <subfield code="h">1144</subfield>
      <subfield code="l">CER01</subfield>
      <subfield code="x">20030715</subfield>
   </datafield>
   <datafield tag="970" ind1="" ind2="">
      <subfield code="a">002386665CER</subfield>
   </datafield>
   <datafield tag="980" ind1="" ind2="">
      <subfield code="a">UNKNOWN</subfield>
   </datafield>
   <datafield tag="980" ind1="" ind2="">
      <subfield code="c">DELETED</subfield>
   </datafield>
</record>

<record>
  <controlfield tag="001">685132</controlfield>
  <controlfield tag="003">SzGeCERN</controlfield>
  <controlfield tag="005">20210730151940.0</controlfield>
  <datafield tag="035" ind1=" " ind2=" ">
    <subfield code="9">INSPIRE-CNUM</subfield>
    <subfield code="a">C04-01-05.2</subfield>
  </datafield>
  <datafield tag="041" ind1=" " ind2=" ">
    <subfield code="a">eng</subfield>
  </datafield>
  <datafield tag="111" ind1=" " ind2=" ">
    <subfield code="9">20040105</subfield>
    <subfield code="a">8th Workshop On High Energy Physics Phenomenology</subfield>
    <subfield code="c">Mumbai, India</subfield>
    <subfield code="d">5 - 16 Jan 2004</subfield>
    <subfield code="f">2004</subfield>
    <subfield code="g">mumbai20040105</subfield>
    <subfield code="i">C04-01-05.2</subfield>
    <subfield code="n">8</subfield>
    <subfield code="w">IN</subfield>
    <subfield code="z">20040116</subfield>
  </datafield>
  <datafield tag="260" ind1=" " ind2=" ">
    <subfield code="c">2004</subfield>
  </datafield>
  <datafield tag="270" ind1=" " ind2=" ">
    <subfield code="m">whepp8@phy.iitb.ac.in</subfield>
  </datafield>
  <datafield tag="340" ind1=" " ind2=" ">
    <subfield code="a">paper</subfield>
  </datafield>
  <datafield tag="595" ind1=" " ind2=" ">
    <subfield code="a">CERN EDS</subfield>
  </datafield>
  <datafield tag="599" ind1=" " ind2=" ">
    <subfield code="a">ILSSYNC</subfield>
  </datafield>
  <datafield tag="599" ind1=" " ind2=" ">
    <subfield code="a">ILSLINK</subfield>
  </datafield>
  <datafield tag="650" ind1="1" ind2="7">
    <subfield code="2">SzGeCERN</subfield>
    <subfield code="a">Particle Physics - Phenomenology</subfield>
  </datafield>
  <datafield tag="650" ind1="2" ind2="7">
    <subfield code="2">SzGeCERN</subfield>
    <subfield code="a">Workshop</subfield>
  </datafield>
  <datafield tag="653" ind1="1" ind2=" ">
    <subfield code="9">CERN</subfield>
    <subfield code="a">astroparticle physics</subfield>
  </datafield>
  <datafield tag="653" ind1="1" ind2=" ">
    <subfield code="9">CERN</subfield>
    <subfield code="a">colliders</subfield>
  </datafield>
  <datafield tag="653" ind1="1" ind2=" ">
    <subfield code="9">CERN</subfield>
    <subfield code="a">flavour physics</subfield>
  </datafield>
  <datafield tag="653" ind1="1" ind2=" ">
    <subfield code="9">CERN</subfield>
    <subfield code="a">QCD - quantum chromodynamics</subfield>
  </datafield>
  <datafield tag="653" ind1="1" ind2=" ">
    <subfield code="9">CERN</subfield>
    <subfield code="a">heavy ion physics</subfield>
  </datafield>
  <datafield tag="653" ind1="1" ind2=" ">
    <subfield code="9">CERN</subfield>
    <subfield code="a">Neutrinos</subfield>
  </datafield>
  <datafield tag="690" ind1="C" ind2=" ">
    <subfield code="a">CONFERENCE</subfield>
  </datafield>
  <datafield tag="690" ind1="C" ind2=" ">
    <subfield code="a">PROCEEDINGS</subfield>
  </datafield>
  <datafield tag="700" ind1=" " ind2=" ">
    <subfield code="a">Sankar, S Uma</subfield>
    <subfield code="e">ed.</subfield>
  </datafield>
  <datafield tag="700" ind1=" " ind2=" ">
    <subfield code="a">Yajnik, Urjit A</subfield>
    <subfield code="e">ed.</subfield>
  </datafield>
  <datafield tag="711" ind1=" " ind2=" ">
    <subfield code="a">DAE-BRNS 8th Workshop</subfield>
  </datafield>
  <datafield tag="711" ind1=" " ind2=" ">
    <subfield code="a">WHEPP-8</subfield>
  </datafield>
  <datafield tag="773" ind1=" " ind2=" ">
    <subfield code="g">229779</subfield>
    <subfield code="n">6</subfield>
    <subfield code="p">Pramana - J. Phys.</subfield>
    <subfield code="v">63</subfield>
    <subfield code="y">2004</subfield>
  </datafield>
  <datafield tag="852" ind1=" " ind2=" ">
    <subfield code="c">CERN Depot 1, bldg. 2 (DE1)</subfield>
    <subfield code="h">Mumbai 2004</subfield>
  </datafield>
  <datafield tag="916" ind1=" " ind2=" ">
    <subfield code="a">d</subfield>
    <subfield code="d">200504</subfield>
    <subfield code="s">h</subfield>
    <subfield code="w">200512</subfield>
  </datafield>
  <datafield tag="960" ind1=" " ind2=" ">
    <subfield code="a">43</subfield>
  </datafield>
  <datafield tag="961" ind1=" " ind2=" ">
    <subfield code="c">20100927</subfield>
    <subfield code="h">0928</subfield>
    <subfield code="l">CER01</subfield>
    <subfield code="x">20031120</subfield>
  </datafield>
  <datafield tag="963" ind1=" " ind2=" ">
    <subfield code="a">PUBLIC</subfield>
  </datafield>
  <datafield tag="964" ind1=" " ind2=" ">
    <subfield code="a">0001</subfield>
  </datafield>
  <datafield tag="970" ind1=" " ind2=" ">
    <subfield code="a">002411521CER</subfield>
  </datafield>
  <datafield tag="980" ind1=" " ind2=" ">
    <subfield code="a">PROCEEDINGS</subfield>
  </datafield>
</record>
<record>
  <controlfield tag="001">685133</controlfield>
  <controlfield tag="003">SzGeCERN</controlfield>
  <controlfield tag="005">20160712103759.0</controlfield>
  <datafield tag="024" ind1="8" ind2=" ">
    <subfield code="a">oai:cds.cern.ch:685133</subfield>
    <subfield code="q">cerncds:CONF</subfield>
    <subfield code="q">cerncds:TALK</subfield>
  </datafield>
  <datafield tag="041" ind1=" " ind2=" ">
    <subfield code="a">eng</subfield>
  </datafield>
  <datafield tag="111" ind1=" " ind2=" ">
    <subfield code="9">20040201</subfield>
    <subfield code="a">Winter Conference on Particle Physics : where we are and where we are going</subfield>
    <subfield code="c">Aspen, CO, USA</subfield>
    <subfield code="d">1 - 7 Feb 2004</subfield>
    <subfield code="f">2004</subfield>
    <subfield code="g">aspen20040201</subfield>
    <subfield code="w">US</subfield>
    <subfield code="z">20040207</subfield>
  </datafield>
  <datafield tag="260" ind1=" " ind2=" ">
    <subfield code="c">2004</subfield>
  </datafield>
  <datafield tag="270" ind1=" " ind2=" ">
    <subfield code="a">Edmond Berger David Hitlin</subfield>
    <subfield code="m">berger@anl.gov,hitlin@hep.caltech.edu</subfield>
  </datafield>
  <datafield tag="595" ind1=" " ind2=" ">
    <subfield code="a">CERN EDS</subfield>
  </datafield>
  <datafield tag="595" ind1=" " ind2=" ">
    <subfield code="a">Conf. Announcement hidden 08/07/2016</subfield>
  </datafield>
  <datafield tag="650" ind1="1" ind2="7">
    <subfield code="2">SzGeCERN</subfield>
    <subfield code="a">Particle Physics</subfield>
  </datafield>
  <datafield tag="650" ind1="2" ind2="7">
    <subfield code="2">SzGeCERN</subfield>
    <subfield code="a">Conference</subfield>
  </datafield>
  <datafield tag="711" ind1=" " ind2=" ">
    <subfield code="a">Particle Physics Where We Are And Where We Are Going</subfield>
  </datafield>
  <datafield tag="856" ind1="4" ind2=" ">
    <subfield code="u">http://gate.hep.anl.gov/berger/Aspen04/</subfield>
    <subfield code="y">Conference home page</subfield>
  </datafield>
  <datafield tag="916" ind1=" " ind2=" ">
    <subfield code="a">x</subfield>
    <subfield code="s">n</subfield>
    <subfield code="w">200351</subfield>
  </datafield>
  <datafield tag="960" ind1=" " ind2=" ">
    <subfield code="a">41</subfield>
  </datafield>
  <datafield tag="961" ind1=" " ind2=" ">
    <subfield code="c">20070504</subfield>
    <subfield code="h">1712</subfield>
    <subfield code="l">CER01</subfield>
    <subfield code="x">20031120</subfield>
  </datafield>
  <datafield tag="963" ind1=" " ind2=" ">
    <subfield code="a">PUBLIC</subfield>
  </datafield>
  <datafield tag="970" ind1=" " ind2=" ">
    <subfield code="a">002411522CER</subfield>
  </datafield>
  <datafield tag="980" ind1=" " ind2=" ">
    <subfield code="c">Hidden</subfield>
  </datafield>
</record>
<record>
  <controlfield tag="001">685134</controlfield>
  <controlfield tag="003">SzGeCERN</controlfield>
  <controlfield tag="005">20210730151650.0</controlfield>
  <datafield tag="020" ind1=" " ind2=" ">
    <subfield code="a">9789812562753</subfield>
  </datafield>
  <datafield tag="020" ind1=" " ind2=" ">
    <subfield code="a">9812562753</subfield>
  </datafield>
  <datafield tag="024" ind1="8" ind2=" ">
    <subfield code="a">oai:cds.cern.ch:685134</subfield>
    <subfield code="p">cerncds:CONF</subfield>
  </datafield>
  <datafield tag="041" ind1=" " ind2=" ">
    <subfield code="a">eng</subfield>
  </datafield>
  <datafield tag="111" ind1=" " ind2=" ">
    <subfield code="9">20040215</subfield>
    <subfield code="a">19th Lake Louise Winter Institute 2004 on Fundamental Interactions</subfield>
    <subfield code="c">Lake Louise, Canada</subfield>
    <subfield code="d">15 - 21 Feb 2004</subfield>
    <subfield code="f">2004</subfield>
    <subfield code="g">lakelouise20040215</subfield>
    <subfield code="n">19</subfield>
    <subfield code="w">CA</subfield>
    <subfield code="z">20040221</subfield>
  </datafield>
  <datafield tag="260" ind1=" " ind2=" ">
    <subfield code="a">Singapore</subfield>
    <subfield code="b">World Scientific</subfield>
    <subfield code="c">2005</subfield>
  </datafield>
  <datafield tag="270" ind1=" " ind2=" ">
    <subfield code="k">(780) 492-2375</subfield>
    <subfield code="l">(780) 492-0714</subfield>
    <subfield code="m">grimard@phys.ualberta.ca</subfield>
  </datafield>
  <datafield tag="300" ind1=" " ind2=" ">
    <subfield code="a">346 p</subfield>
  </datafield>
  <datafield tag="340" ind1=" " ind2=" ">
    <subfield code="a">paper</subfield>
  </datafield>
  <datafield tag="595" ind1=" " ind2=" ">
    <subfield code="a">CERN EDS</subfield>
  </datafield>
  <datafield tag="599" ind1=" " ind2=" ">
    <subfield code="a">ILSSYNC</subfield>
  </datafield>
  <datafield tag="599" ind1=" " ind2=" ">
    <subfield code="a">ILSLINK</subfield>
  </datafield>
  <datafield tag="650" ind1="1" ind2="7">
    <subfield code="2">SzGeCERN</subfield>
    <subfield code="a">Particle Physics</subfield>
  </datafield>
  <datafield tag="650" ind1="2" ind2="7">
    <subfield code="2">SzGeCERN</subfield>
    <subfield code="a">Miscellaneous</subfield>
  </datafield>
  <datafield tag="690" ind1="C" ind2=" ">
    <subfield code="a">CONFERENCE</subfield>
  </datafield>
  <datafield tag="690" ind1="C" ind2=" ">
    <subfield code="a">PROCEEDINGS</subfield>
  </datafield>
  <datafield tag="700" ind1=" " ind2=" ">
    <subfield code="a">Astbury, A</subfield>
    <subfield code="e">ed.</subfield>
  </datafield>
  <datafield tag="700" ind1=" " ind2=" ">
    <subfield code="a">Campbell, Bruce A</subfield>
    <subfield code="e">ed.</subfield>
  </datafield>
  <datafield tag="700" ind1=" " ind2=" ">
    <subfield code="a">Khanna, F C</subfield>
    <subfield code="e">ed.</subfield>
  </datafield>
  <datafield tag="700" ind1=" " ind2=" ">
    <subfield code="a">Vincter, M G</subfield>
    <subfield code="e">ed.</subfield>
  </datafield>
  <datafield tag="711" ind1=" " ind2=" ">
    <subfield code="a">Fundamental Interactions</subfield>
  </datafield>
  <datafield tag="711" ind1=" " ind2=" ">
    <subfield code="a">LLWI 04</subfield>
  </datafield>
  <datafield tag="852" ind1=" " ind2=" ">
    <subfield code="c">CERN Depot 1, bldg. 2 (DE1)</subfield>
    <subfield code="h">Lake Louise 2004</subfield>
  </datafield>
  <datafield tag="916" ind1=" " ind2=" ">
    <subfield code="a">d</subfield>
    <subfield code="d">200507</subfield>
    <subfield code="s">h</subfield>
    <subfield code="w">200527</subfield>
  </datafield>
  <datafield tag="960" ind1=" " ind2=" ">
    <subfield code="a">42</subfield>
  </datafield>
  <datafield tag="961" ind1=" " ind2=" ">
    <subfield code="c">20080418</subfield>
    <subfield code="h">0953</subfield>
    <subfield code="l">CER01</subfield>
    <subfield code="x">20031120</subfield>
  </datafield>
  <datafield tag="963" ind1=" " ind2=" ">
    <subfield code="a">PUBLIC</subfield>
  </datafield>
  <datafield tag="964" ind1=" " ind2=" ">
    <subfield code="a">0001</subfield>
  </datafield>
  <datafield tag="970" ind1=" " ind2=" ">
    <subfield code="a">002411523CER</subfield>
  </datafield>
  <datafield tag="980" ind1=" " ind2=" ">
    <subfield code="a">PROCEEDINGS</subfield>
  </datafield>
</record>
<record xmlns="http://www.loc.gov/MARC21/slim">
	<controlfield tag="001">685135</controlfield>
   <datafield tag="961" ind1="" ind2="">
      <subfield code="c">20040226</subfield>
      <subfield code="h">1058</subfield>
      <subfield code="l">CER01</subfield>
      <subfield code="x">20031120</subfield>
   </datafield>
   <datafield tag="970" ind1="" ind2="">
      <subfield code="a">002411524CER</subfield>
   </datafield>
   <datafield tag="980" ind1="" ind2="">
      <subfield code="a">UNKNOWN</subfield>
   </datafield>
   <datafield tag="980" ind1="" ind2="">
      <subfield code="c">DELETED</subfield>
   </datafield>
</record>

<record>
  <controlfield tag="001">677093</controlfield>
  <controlfield tag="003">SzGeCERN</controlfield>
  <controlfield tag="005">20210730151959.0</controlfield>
  <datafield tag="024" ind1="8" ind2=" ">
    <subfield code="a">oai:cds.cern.ch:677093</subfield>
    <subfield code="p">cerncds:FULLTEXT</subfield>
    <subfield code="p">cerncds:CONF:FULLTEXT</subfield>
    <subfield code="p">cerncds:CONF</subfield>
    <subfield code="q">cerncds:TALK</subfield>
  </datafield>
  <datafield tag="035" ind1=" " ind2=" ">
    <subfield code="9">INSPIRE-CNUM</subfield>
    <subfield code="a">C04-03-21</subfield>
  </datafield>
  <datafield tag="035" ind1=" " ind2=" ">
    <subfield code="9">Inspire</subfield>
    <subfield code="a">1396639</subfield>
  </datafield>
  <datafield tag="041" ind1=" " ind2=" ">
    <subfield code="a">eng</subfield>
  </datafield>
  <datafield tag="111" ind1=" " ind2=" ">
    <subfield code="9">20040321</subfield>
    <subfield code="a">39th Rencontres de Moriond</subfield>
    <subfield code="c">La Thuile, Italy</subfield>
    <subfield code="d">21 - 28 Mar 2004</subfield>
    <subfield code="f">2004</subfield>
    <subfield code="g">lathuile20040321a</subfield>
    <subfield code="i">C04-03-21</subfield>
    <subfield code="n">39</subfield>
    <subfield code="w">IT</subfield>
    <subfield code="z">20040328</subfield>
  </datafield>
  <datafield tag="260" ind1=" " ind2=" ">
    <subfield code="a">Hanoi</subfield>
    <subfield code="b">Thê Gioi Publishers</subfield>
    <subfield code="c">2004</subfield>
  </datafield>
  <datafield tag="300" ind1=" " ind2=" ">
    <subfield code="a">534 p</subfield>
  </datafield>
  <datafield tag="595" ind1=" " ind2=" ">
    <subfield code="a">SIS CERNEVENTS2003</subfield>
  </datafield>
  <datafield tag="599" ind1=" " ind2=" ">
    <subfield code="a">ILSSYNC</subfield>
  </datafield>
  <datafield tag="599" ind1=" " ind2=" ">
    <subfield code="a">ILSLINK</subfield>
  </datafield>
  <datafield tag="650" ind1="2" ind2="7">
    <subfield code="2">SzGeCERN</subfield>
    <subfield code="a">Miscellaneous</subfield>
  </datafield>
  <datafield tag="650" ind1="1" ind2="7">
    <subfield code="2">SzGeCERN</subfield>
    <subfield code="a">Particle Physics - Experiment</subfield>
  </datafield>
  <datafield tag="690" ind1="C" ind2=" ">
    <subfield code="a">PROCEEDINGS</subfield>
  </datafield>
  <datafield tag="690" ind1="C" ind2=" ">
    <subfield code="a">CONFERENCE</subfield>
  </datafield>
  <datafield tag="700" ind1=" " ind2=" ">
    <subfield code="a">Tran Thanh Van, J.</subfield>
    <subfield code="e">ed.</subfield>
  </datafield>
  <datafield tag="711" ind1=" " ind2=" ">
    <subfield code="a">Electroweak Interactions and Unified Theories</subfield>
  </datafield>
  <datafield tag="856" ind1="4" ind2=" ">
    <subfield code="u">http://moriond.in2p3.fr/EW/2004</subfield>
    <subfield code="y">Conference home page</subfield>
  </datafield>
  <datafield tag="856" ind1="4" ind2=" ">
    <subfield code="8">1248294</subfield>
    <subfield code="s">78244805</subfield>
    <subfield code="u">http://cds.cern.ch/record/677093/files/C04-03-21_Proceedings.pdf</subfield>
    <subfield code="y">Fulltext</subfield>
  </datafield>
  <datafield tag="916" ind1=" " ind2=" ">
    <subfield code="a">x</subfield>
    <subfield code="s">n</subfield>
    <subfield code="w">200342</subfield>
  </datafield>
  <datafield tag="960" ind1=" " ind2=" ">
    <subfield code="a">42</subfield>
  </datafield>
  <datafield tag="961" ind1=" " ind2=" ">
    <subfield code="c">20100927</subfield>
    <subfield code="h">0929</subfield>
    <subfield code="l">CER01</subfield>
    <subfield code="x">20031017</subfield>
  </datafield>
  <datafield tag="970" ind1=" " ind2=" ">
    <subfield code="a">002403963CER</subfield>
  </datafield>
  <datafield tag="980" ind1=" " ind2=" ">
    <subfield code="a">PROCEEDINGS</subfield>
  </datafield>
</record>
<record>
  <controlfield tag="001">686312</controlfield>
  <controlfield tag="003">SzGeCERN</controlfield>
  <controlfield tag="005">20121212191912.0</controlfield>
  <datafield tag="024" ind1="8" ind2=" ">
    <subfield code="a">oai:cds.cern.ch:686312</subfield>
    <subfield code="p">cerncds:CONF</subfield>
    <subfield code="p">cerncds:TALK</subfield>
  </datafield>
  <datafield tag="041" ind1=" " ind2=" ">
    <subfield code="a">eng</subfield>
  </datafield>
  <datafield tag="111" ind1=" " ind2=" ">
    <subfield code="9">20040331</subfield>
    <subfield code="a">Workshop on Diffraction and Higgs Diffractive Production at the LHC</subfield>
    <subfield code="c">Rio de Janeiro, Brazil</subfield>
    <subfield code="d">31 Mar - 2 Apr 2004</subfield>
    <subfield code="f">2004</subfield>
    <subfield code="g">riodejaneiro20040331</subfield>
    <subfield code="w">BR</subfield>
    <subfield code="z">20040402</subfield>
  </datafield>
  <datafield tag="260" ind1=" " ind2=" ">
    <subfield code="c">2004</subfield>
  </datafield>
  <datafield tag="270" ind1=" " ind2=" ">
    <subfield code="m">santoro@uerj.br</subfield>
  </datafield>
  <datafield tag="595" ind1=" " ind2=" ">
    <subfield code="a">CERN EDS</subfield>
  </datafield>
  <datafield tag="650" ind1="1" ind2="7">
    <subfield code="2">SzGeCERN</subfield>
    <subfield code="a">Particle Physics</subfield>
  </datafield>
  <datafield tag="650" ind1="2" ind2="7">
    <subfield code="2">SzGeCERN</subfield>
    <subfield code="a">Workshop</subfield>
  </datafield>
  <datafield tag="690" ind1="C" ind2=" ">
    <subfield code="a">ANNOUNCEMENT</subfield>
  </datafield>
  <datafield tag="690" ind1="C" ind2=" ">
    <subfield code="a">CONFERENCE</subfield>
  </datafield>
  <datafield tag="711" ind1=" " ind2=" ">
    <subfield code="a">Diffraction at the LHC</subfield>
  </datafield>
  <datafield tag="856" ind1="4" ind2=" ">
    <subfield code="u">http://www-d0.fnal.gov/~royon/rio/</subfield>
    <subfield code="y">Conference home page</subfield>
  </datafield>
  <datafield tag="916" ind1=" " ind2=" ">
    <subfield code="a">x</subfield>
    <subfield code="s">n</subfield>
    <subfield code="w">200351</subfield>
  </datafield>
  <datafield tag="960" ind1=" " ind2=" ">
    <subfield code="a">41</subfield>
  </datafield>
  <datafield tag="961" ind1=" " ind2=" ">
    <subfield code="c">20070504</subfield>
    <subfield code="h">1711</subfield>
    <subfield code="l">CER01</subfield>
    <subfield code="x">20031125</subfield>
  </datafield>
  <datafield tag="963" ind1=" " ind2=" ">
    <subfield code="a">PUBLIC</subfield>
  </datafield>
  <datafield tag="970" ind1=" " ind2=" ">
    <subfield code="a">002412687CER</subfield>
  </datafield>
  <datafield tag="980" ind1=" " ind2=" ">
    <subfield code="a">ANNOUNCEMENT</subfield>
  </datafield>
</record>
<record>
  <controlfield tag="001">685136</controlfield>
  <controlfield tag="003">SzGeCERN</controlfield>
  <controlfield tag="005">20160712103804.0</controlfield>
  <datafield tag="024" ind1="8" ind2=" ">
    <subfield code="a">oai:cds.cern.ch:685136</subfield>
    <subfield code="q">cerncds:CONF</subfield>
    <subfield code="q">cerncds:TALK</subfield>
  </datafield>
  <datafield tag="041" ind1=" " ind2=" ">
    <subfield code="a">eng</subfield>
  </datafield>
  <datafield tag="111" ind1=" " ind2=" ">
    <subfield code="9">20040518</subfield>
    <subfield code="a">IEEE IMTC 2004 - Detectors For Nuclear And Particle Physics</subfield>
    <subfield code="c">Como, Italy</subfield>
    <subfield code="d">18 - 20 May 2004</subfield>
    <subfield code="f">2004</subfield>
    <subfield code="g">como20040518.2</subfield>
    <subfield code="w">IT</subfield>
    <subfield code="z">20040520</subfield>
  </datafield>
  <datafield tag="260" ind1=" " ind2=" ">
    <subfield code="c">2004</subfield>
  </datafield>
  <datafield tag="270" ind1=" " ind2=" ">
    <subfield code="m">bob.myers@ieee.org</subfield>
  </datafield>
  <datafield tag="595" ind1=" " ind2=" ">
    <subfield code="a">CERN EDS</subfield>
  </datafield>
  <datafield tag="595" ind1=" " ind2=" ">
    <subfield code="a">Conf. Announcement hidden 08/07/2016</subfield>
  </datafield>
  <datafield tag="650" ind1="1" ind2="7">
    <subfield code="2">SzGeCERN</subfield>
    <subfield code="a">Particle Physics</subfield>
  </datafield>
  <datafield tag="650" ind1="2" ind2="7">
    <subfield code="2">SzGeCERN</subfield>
    <subfield code="a">Conference</subfield>
  </datafield>
  <datafield tag="711" ind1=" " ind2=" ">
    <subfield code="a">IEEE IMTC 2004</subfield>
  </datafield>
  <datafield tag="856" ind1="4" ind2=" ">
    <subfield code="u">http://ewh.ieee.org/soc/im/imtc/imtcur/index.html</subfield>
    <subfield code="y">Conference home page</subfield>
  </datafield>
  <datafield tag="916" ind1=" " ind2=" ">
    <subfield code="a">x</subfield>
    <subfield code="s">n</subfield>
    <subfield code="w">200351</subfield>
  </datafield>
  <datafield tag="960" ind1=" " ind2=" ">
    <subfield code="a">41</subfield>
  </datafield>
  <datafield tag="961" ind1=" " ind2=" ">
    <subfield code="c">20060708</subfield>
    <subfield code="h">0018</subfield>
    <subfield code="l">CER01</subfield>
    <subfield code="x">20031120</subfield>
  </datafield>
  <datafield tag="963" ind1=" " ind2=" ">
    <subfield code="a">PUBLIC</subfield>
  </datafield>
  <datafield tag="970" ind1=" " ind2=" ">
    <subfield code="a">002411525CER</subfield>
  </datafield>
  <datafield tag="980" ind1=" " ind2=" ">
    <subfield code="c">Hidden</subfield>
  </datafield>
</record>
<record xmlns="http://www.loc.gov/MARC21/slim">
	<controlfield tag="001">641981</controlfield>
	<datafield tag="964" ind1="" ind2="">
	    <subfield code="a">0001</subfield>
	</datafield>
   <datafield tag="961" ind1="" ind2="">
      <subfield code="c">20040728</subfield>
      <subfield code="h">1712</subfield>
      <subfield code="l">CER01</subfield>
      <subfield code="x">20030912</subfield>
   </datafield>
   <datafield tag="970" ind1="" ind2="">
      <subfield code="a">002398188CER</subfield>
   </datafield>
   <datafield tag="980" ind1="" ind2="">
      <subfield code="a">UNKNOWN</subfield>
   </datafield>
   <datafield tag="980" ind1="" ind2="">
      <subfield code="c">DELETED</subfield>
   </datafield>
</record>

<record>
  <controlfield tag="001">621821</controlfield>
  <controlfield tag="003">SzGeCERN</controlfield>
  <controlfield tag="005">20210730151952.0</controlfield>
  <datafield tag="020" ind1=" " ind2=" ">
    <subfield code="a">8886409524</subfield>
  </datafield>
  <datafield tag="020" ind1=" " ind2=" ">
    <subfield code="a">9788886409520</subfield>
  </datafield>
  <datafield tag="024" ind1="8" ind2=" ">
    <subfield code="a">oai:cds.cern.ch:621821</subfield>
    <subfield code="p">cerncds:CONF</subfield>
  </datafield>
  <datafield tag="035" ind1=" " ind2=" ">
    <subfield code="9">SLACCONF</subfield>
    <subfield code="a">491160</subfield>
  </datafield>
  <datafield tag="035" ind1=" " ind2=" ">
    <subfield code="9">INSPIRE-CNUM</subfield>
    <subfield code="a">C04-06-14</subfield>
  </datafield>
  <datafield tag="041" ind1=" " ind2=" ">
    <subfield code="a">eng</subfield>
  </datafield>
  <datafield tag="111" ind1=" " ind2=" ">
    <subfield code="9">20040614</subfield>
    <subfield code="a">3rd International Workshop on Frontier Science : Physics and Astrophysics in Space</subfield>
    <subfield code="c">Frascati, Italy</subfield>
    <subfield code="d">14 - 19 Jun 2004</subfield>
    <subfield code="f">2004</subfield>
    <subfield code="g">frascati20040614</subfield>
    <subfield code="i">C04-06-14</subfield>
    <subfield code="n">3</subfield>
    <subfield code="w">IT</subfield>
    <subfield code="z">20040619</subfield>
  </datafield>
  <datafield tag="260" ind1=" " ind2=" ">
    <subfield code="a">Frascati</subfield>
    <subfield code="b">INFN</subfield>
    <subfield code="c">2004</subfield>
  </datafield>
  <datafield tag="270" ind1=" " ind2=" ">
    <subfield code="m">marco.ricci@lnf.infn.it</subfield>
  </datafield>
  <datafield tag="300" ind1=" " ind2=" ">
    <subfield code="a">564 p</subfield>
  </datafield>
  <datafield tag="340" ind1=" " ind2=" ">
    <subfield code="a">paper</subfield>
  </datafield>
  <datafield tag="340" ind1=" " ind2=" ">
    <subfield code="a">ebook</subfield>
  </datafield>
  <datafield tag="490" ind1=" " ind2=" ">
    <subfield code="a">Frascati physics series</subfield>
    <subfield code="v">37</subfield>
  </datafield>
  <datafield tag="595" ind1=" " ind2=" ">
    <subfield code="a">SIS SLAC2003</subfield>
  </datafield>
  <datafield tag="599" ind1=" " ind2=" ">
    <subfield code="a">ILSSYNC</subfield>
  </datafield>
  <datafield tag="599" ind1=" " ind2=" ">
    <subfield code="a">ILSLINK</subfield>
  </datafield>
  <datafield tag="650" ind1="1" ind2="7">
    <subfield code="2">SzGeCERN</subfield>
    <subfield code="a">Astrophysics and Astronomy</subfield>
  </datafield>
  <datafield tag="650" ind1="2" ind2="7">
    <subfield code="2">SzGeCERN</subfield>
    <subfield code="a">Workshop</subfield>
  </datafield>
  <datafield tag="690" ind1="C" ind2=" ">
    <subfield code="a">CONFERENCE</subfield>
  </datafield>
  <datafield tag="690" ind1="C" ind2=" ">
    <subfield code="a">PROCEEDINGS</subfield>
  </datafield>
  <datafield tag="700" ind1=" " ind2=" ">
    <subfield code="a">Morselli, A</subfield>
    <subfield code="e">ed.</subfield>
  </datafield>
  <datafield tag="700" ind1=" " ind2=" ">
    <subfield code="a">Picozza, Piergiorgio</subfield>
    <subfield code="e">ed.</subfield>
  </datafield>
  <datafield tag="700" ind1=" " ind2=" ">
    <subfield code="a">Ricci, M</subfield>
    <subfield code="e">ed.</subfield>
  </datafield>
  <datafield tag="711" ind1=" " ind2=" ">
    <subfield code="a">Frontier Science : Physics and Astrophysics in Space</subfield>
  </datafield>
  <datafield tag="852" ind1=" " ind2=" ">
    <subfield code="c">CERN Depot 1, bldg. 2 (DE1)</subfield>
    <subfield code="h">Frascati 2004</subfield>
  </datafield>
  <datafield tag="856" ind1="4" ind2=" ">
    <subfield code="u">http://www.lnf.infn.it/sis/frascatiseries/Volume37/volume37.pdf</subfield>
    <subfield code="y">e-proceedings (Open Access)</subfield>
  </datafield>
  <datafield tag="916" ind1=" " ind2=" ">
    <subfield code="a">3d</subfield>
    <subfield code="d">200508</subfield>
    <subfield code="s">h</subfield>
    <subfield code="w">200534</subfield>
  </datafield>
  <datafield tag="960" ind1=" " ind2=" ">
    <subfield code="a">42</subfield>
  </datafield>
  <datafield tag="961" ind1=" " ind2=" ">
    <subfield code="c">20091104</subfield>
    <subfield code="h">2202</subfield>
    <subfield code="l">CER01</subfield>
    <subfield code="x">20030616</subfield>
  </datafield>
  <datafield tag="963" ind1=" " ind2=" ">
    <subfield code="a">PUBLIC</subfield>
  </datafield>
  <datafield tag="964" ind1=" " ind2=" ">
    <subfield code="a">0001</subfield>
  </datafield>
  <datafield tag="970" ind1=" " ind2=" ">
    <subfield code="a">002382268CER</subfield>
  </datafield>
  <datafield tag="980" ind1=" " ind2=" ">
    <subfield code="a">PROCEEDINGS</subfield>
  </datafield>
</record>
<record>
  <controlfield tag="001">645661</controlfield>
  <controlfield tag="003">SzGeCERN</controlfield>
  <controlfield tag="005">20210730151559.0</controlfield>
  <datafield tag="035" ind1=" " ind2=" ">
    <subfield code="9">INSPIRE-CNUM</subfield>
    <subfield code="a">C04-07-05.2</subfield>
  </datafield>
  <datafield tag="041" ind1=" " ind2=" ">
    <subfield code="a">eng</subfield>
  </datafield>
  <datafield tag="111" ind1=" " ind2=" ">
    <subfield code="9">20040705</subfield>
    <subfield code="a">11th High Energy Physics International Conference on Quantum ChromoDynamics</subfield>
    <subfield code="c">Montpellier, France</subfield>
    <subfield code="d">5 - 10 Jul 2004</subfield>
    <subfield code="f">2004</subfield>
    <subfield code="g">montpellier20040705</subfield>
    <subfield code="i">C04-07-05.2</subfield>
    <subfield code="n">11</subfield>
    <subfield code="w">FR</subfield>
    <subfield code="z">20040710</subfield>
  </datafield>
  <datafield tag="260" ind1=" " ind2=" ">
    <subfield code="c">2006</subfield>
  </datafield>
  <datafield tag="270" ind1=" " ind2=" ">
    <subfield code="a">S. Narison</subfield>
    <subfield code="m">qcd@lpm.univ-montp2.fr</subfield>
  </datafield>
  <datafield tag="340" ind1=" " ind2=" ">
    <subfield code="a">paper</subfield>
  </datafield>
  <datafield tag="595" ind1=" " ind2=" ">
    <subfield code="a">CERN EDS</subfield>
  </datafield>
  <datafield tag="599" ind1=" " ind2=" ">
    <subfield code="a">ILSSYNC</subfield>
  </datafield>
  <datafield tag="599" ind1=" " ind2=" ">
    <subfield code="a">ILSLINK</subfield>
  </datafield>
  <datafield tag="650" ind1="1" ind2="7">
    <subfield code="2">SzGeCERN</subfield>
    <subfield code="a">Particle Physics - Phenomenology</subfield>
  </datafield>
  <datafield tag="650" ind1="2" ind2="7">
    <subfield code="2">SzGeCERN</subfield>
    <subfield code="a">Conference</subfield>
  </datafield>
  <datafield tag="690" ind1="C" ind2=" ">
    <subfield code="a">CONFERENCE</subfield>
  </datafield>
  <datafield tag="690" ind1="C" ind2=" ">
    <subfield code="a">PROCEEDINGS</subfield>
  </datafield>
  <datafield tag="700" ind1=" " ind2=" ">
    <subfield code="a">Narison, Stéphan</subfield>
    <subfield code="e">ed.</subfield>
  </datafield>
  <datafield tag="711" ind1=" " ind2=" ">
    <subfield code="a">QCD 04</subfield>
  </datafield>
  <datafield tag="773" ind1=" " ind2=" ">
    <subfield code="p">Nucl. Phys. B, Proc. Suppl.</subfield>
    <subfield code="v">152</subfield>
    <subfield code="y">2006</subfield>
    <subfield code="g">230049</subfield>
  </datafield>
  <datafield tag="852" ind1=" " ind2=" ">
    <subfield code="c">CERN Depot 1, bldg. 2 (DE1)</subfield>
    <subfield code="h">Montpellier 2004</subfield>
  </datafield>
  <datafield tag="859" ind1=" " ind2=" ">
    <subfield code="f">qcd@lpm.univ-montp2.fr</subfield>
  </datafield>
  <datafield tag="916" ind1=" " ind2=" ">
    <subfield code="a">d</subfield>
    <subfield code="d">200809</subfield>
    <subfield code="s">h</subfield>
    <subfield code="w">200611</subfield>
  </datafield>
  <datafield tag="960" ind1=" " ind2=" ">
    <subfield code="a">43</subfield>
  </datafield>
  <datafield tag="961" ind1=" " ind2=" ">
    <subfield code="c">20100927</subfield>
    <subfield code="h">0928</subfield>
    <subfield code="l">CER01</subfield>
    <subfield code="x">20031001</subfield>
  </datafield>
  <datafield tag="963" ind1=" " ind2=" ">
    <subfield code="a">PUBLIC</subfield>
  </datafield>
  <datafield tag="964" ind1=" " ind2=" ">
    <subfield code="a">0001</subfield>
  </datafield>
  <datafield tag="970" ind1=" " ind2=" ">
    <subfield code="a">002401477CER</subfield>
  </datafield>
  <datafield tag="980" ind1=" " ind2=" ">
    <subfield code="a">PROCEEDINGS</subfield>
  </datafield>
</record>
<record>
  <controlfield tag="001">645662</controlfield>
  <controlfield tag="003">SzGeCERN</controlfield>
  <controlfield tag="005">20170126110453.0</controlfield>
  <datafield tag="024" ind1="8" ind2=" ">
    <subfield code="a">oai:cds.cern.ch:645662</subfield>
    <subfield code="p">cerncds:CONF</subfield>
    <subfield code="p">cerncds:TALK</subfield>
  </datafield>
  <datafield tag="035" ind1=" " ind2=" ">
    <subfield code="9">INSPIRE-CNUM</subfield>
    <subfield code="a">C04-09-27.2</subfield>
  </datafield>
  <datafield tag="041" ind1=" " ind2=" ">
    <subfield code="a">eng</subfield>
  </datafield>
  <datafield tag="111" ind1=" " ind2=" ">
    <subfield code="9">20040926</subfield>
    <subfield code="a">2nd High-energy Physics Conference in Madagascar</subfield>
    <subfield code="c">Antananarivo, Madagascar</subfield>
    <subfield code="d">26 Sep - 2 Oct 2004</subfield>
    <subfield code="f">2004</subfield>
    <subfield code="g">antananarivo20040926</subfield>
    <subfield code="n">2</subfield>
    <subfield code="w">MG</subfield>
    <subfield code="z">20041002</subfield>
  </datafield>
  <datafield tag="260" ind1=" " ind2=" ">
    <subfield code="c">2004</subfield>
  </datafield>
  <datafield tag="270" ind1=" " ind2=" ">
    <subfield code="a">S. Narison</subfield>
    <subfield code="m">qcd@lpm.univ-montp2.fr</subfield>
  </datafield>
  <datafield tag="595" ind1=" " ind2=" ">
    <subfield code="a">CERN EDS</subfield>
  </datafield>
  <datafield tag="650" ind1="1" ind2="7">
    <subfield code="2">SzGeCERN</subfield>
    <subfield code="a">Particle Physics - Phenomenology</subfield>
  </datafield>
  <datafield tag="650" ind1="2" ind2="7">
    <subfield code="2">SzGeCERN</subfield>
    <subfield code="a">Conference</subfield>
  </datafield>
  <datafield tag="690" ind1="C" ind2=" ">
    <subfield code="a">ANNOUNCEMENT</subfield>
  </datafield>
  <datafield tag="690" ind1="C" ind2=" ">
    <subfield code="a">CONFERENCE</subfield>
  </datafield>
  <datafield tag="711" ind1=" " ind2=" ">
    <subfield code="a">HEP-MAD 04</subfield>
  </datafield>
  <datafield tag="859" ind1=" " ind2=" ">
    <subfield code="f">qcd@lpm.univ-montp2.fr</subfield>
  </datafield>
  <datafield tag="916" ind1=" " ind2=" ">
    <subfield code="a">x</subfield>
    <subfield code="s">n</subfield>
    <subfield code="w">200340</subfield>
  </datafield>
  <datafield tag="960" ind1=" " ind2=" ">
    <subfield code="a">41</subfield>
  </datafield>
  <datafield tag="961" ind1=" " ind2=" ">
    <subfield code="c">20080828</subfield>
    <subfield code="h">1705</subfield>
    <subfield code="l">CER01</subfield>
    <subfield code="x">20031001</subfield>
  </datafield>
  <datafield tag="963" ind1=" " ind2=" ">
    <subfield code="a">PUBLIC</subfield>
  </datafield>
  <datafield tag="970" ind1=" " ind2=" ">
    <subfield code="a">002401478CER</subfield>
  </datafield>
  <datafield tag="980" ind1=" " ind2=" ">
    <subfield code="a">ANNOUNCEMENT</subfield>
  </datafield>
</record>
<record>
  <controlfield tag="001">677582</controlfield>
  <controlfield tag="003">SzGeCERN</controlfield>
  <controlfield tag="005">20210730151756.0</controlfield>
  <datafield tag="270" ind1=" " ind2=" ">
    <subfield code="a">B. Alpat, INFN Perugia; G. Anzivino, Universita' di Perugia; M. Biasini, Universita' di Perugia; M. Calvetti, Universita' di Firenze (co-Chairman); C. Cecchi, Universita' di Perugia; P. Cenci, INFN Perugia; P. Lubrano, INFN Perugia (co-Chairman); G. Passaleva, INFN Firenze; M. Pepe, INFN Perugia</subfield>
    <subfield code="k">+390755847137</subfield>
    <subfield code="l">+390755847296</subfield>
    <subfield code="m">calor2004@pg.infn.it</subfield>
  </datafield>
  <datafield tag="690" ind1="C" ind2=" ">
    <subfield code="a">CERN</subfield>
  </datafield>
  <datafield tag="690" ind1="C" ind2=" ">
    <subfield code="a">CONFERENCE</subfield>
  </datafield>
  <datafield tag="690" ind1="C" ind2=" ">
    <subfield code="a">PROCEEDINGS</subfield>
  </datafield>
  <datafield tag="595" ind1=" " ind2=" ">
    <subfield code="a">CERN EDS</subfield>
  </datafield>
  <datafield tag="599" ind1=" " ind2=" ">
    <subfield code="a">ILSSYNC</subfield>
  </datafield>
  <datafield tag="599" ind1=" " ind2=" ">
    <subfield code="a">ILSLINK</subfield>
  </datafield>
  <datafield tag="650" ind1="1" ind2="7">
    <subfield code="2">SzGeCERN</subfield>
    <subfield code="a">Detectors and Experimental Techniques</subfield>
  </datafield>
  <datafield tag="650" ind1="2" ind2="7">
    <subfield code="2">SzGeCERN</subfield>
    <subfield code="a">Conference</subfield>
  </datafield>
  <datafield tag="963" ind1=" " ind2=" ">
    <subfield code="a">PUBLIC</subfield>
  </datafield>
  <datafield tag="300" ind1=" " ind2=" ">
    <subfield code="a">mult. p</subfield>
  </datafield>
  <datafield tag="340" ind1=" " ind2=" ">
    <subfield code="a">ebook</subfield>
  </datafield>
  <datafield tag="980" ind1=" " ind2=" ">
    <subfield code="a">PROCEEDINGS</subfield>
  </datafield>
  <datafield tag="970" ind1=" " ind2=" ">
    <subfield code="a">002404429CER</subfield>
  </datafield>
  <datafield tag="700" ind1=" " ind2=" ">
    <subfield code="a">Cecci, Claudia</subfield>
    <subfield code="e">ed.</subfield>
  </datafield>
  <datafield tag="700" ind1=" " ind2=" ">
    <subfield code="a">Cenci, Patrizia</subfield>
    <subfield code="e">ed.</subfield>
  </datafield>
  <datafield tag="700" ind1=" " ind2=" ">
    <subfield code="a">Lubrano, Pasquale</subfield>
    <subfield code="e">ed.</subfield>
  </datafield>
  <datafield tag="700" ind1=" " ind2=" ">
    <subfield code="a">Pepé-Altarelli, M</subfield>
    <subfield code="e">ed.</subfield>
    <subfield code="u">CERN</subfield>
  </datafield>
  <datafield tag="856" ind1="4" ind2=" ">
    <subfield code="u">http://www.pg.infn.it/calor2004/</subfield>
    <subfield code="y">Conference home page</subfield>
  </datafield>
  <datafield tag="856" ind1="4" ind2=" ">
    <subfield code="u">http://eproceedings.worldscinet.com/9789812701978/toc.shtml</subfield>
    <subfield code="y">e-proceedings</subfield>
  </datafield>
  <datafield tag="711" ind1=" " ind2=" ">
    <subfield code="a">CALOR 2004</subfield>
  </datafield>
  <datafield tag="710" ind1=" " ind2=" ">
    <subfield code="5">PH-EP</subfield>
  </datafield>
  <datafield tag="260" ind1=" " ind2=" ">
    <subfield code="a">Singapore</subfield>
    <subfield code="b">World Scientific</subfield>
    <subfield code="c">2006</subfield>
  </datafield>
  <datafield tag="111" ind1=" " ind2=" ">
    <subfield code="9">20040329</subfield>
    <subfield code="a">11th International Conference On Calorimetry In High Energy Physics</subfield>
    <subfield code="c">Perugia, Italy</subfield>
    <subfield code="d">29 Mar - 2 Apr 2004</subfield>
    <subfield code="f">2004</subfield>
    <subfield code="g">perugia20040329</subfield>
    <subfield code="n">11</subfield>
    <subfield code="w">IT</subfield>
    <subfield code="z">20040402</subfield>
  </datafield>
  <datafield tag="960" ind1=" " ind2=" ">
    <subfield code="a">42</subfield>
  </datafield>
  <datafield tag="916" ind1=" " ind2=" ">
    <subfield code="a">x</subfield>
    <subfield code="s">n</subfield>
    <subfield code="w">200344</subfield>
    <subfield code="y">a2006</subfield>
  </datafield>
  <datafield tag="041" ind1=" " ind2=" ">
    <subfield code="a">eng</subfield>
  </datafield>
  <datafield tag="961" ind1=" " ind2=" ">
    <subfield code="c">20080115</subfield>
    <subfield code="h">0915</subfield>
    <subfield code="l">CER01</subfield>
    <subfield code="x">20031021</subfield>
  </datafield>
</record>
<record>
  <controlfield tag="001">621833</controlfield>
  <controlfield tag="003">SzGeCERN</controlfield>
  <controlfield tag="005">20210730152015.0</controlfield>
  <datafield tag="035" ind1=" " ind2=" ">
    <subfield code="9">SLACCONF</subfield>
    <subfield code="a">491306</subfield>
  </datafield>
  <datafield tag="035" ind1=" " ind2=" ">
    <subfield code="9">INSPIRE-CNUM</subfield>
    <subfield code="a">C04-04-19</subfield>
  </datafield>
  <datafield tag="041" ind1=" " ind2=" ">
    <subfield code="a">eng</subfield>
  </datafield>
  <datafield tag="110" ind1=" " ind2=" ">
    <subfield code="a">Collective</subfield>
  </datafield>
  <datafield tag="111" ind1=" " ind2=" ">
    <subfield code="9">20040419</subfield>
    <subfield code="a">International Conference on Linear Colliders</subfield>
    <subfield code="c">Paris, France</subfield>
    <subfield code="d">19 - 23 Apr 2004</subfield>
    <subfield code="f">2004</subfield>
    <subfield code="g">paris20040419</subfield>
    <subfield code="i">C04-04-19</subfield>
    <subfield code="w">FR</subfield>
    <subfield code="z">20040423</subfield>
  </datafield>
  <datafield tag="260" ind1=" " ind2=" ">
    <subfield code="a">Paris</subfield>
    <subfield code="b">Éditions de l'École Polytechnique</subfield>
    <subfield code="c">2004</subfield>
  </datafield>
  <datafield tag="270" ind1=" " ind2=" ">
    <subfield code="m">mathieu@lal.in2p3.fr</subfield>
  </datafield>
  <datafield tag="300" ind1=" " ind2=" ">
    <subfield code="a">2 v</subfield>
    <subfield code="x">Phys.Desc.</subfield>
  </datafield>
  <datafield tag="340" ind1=" " ind2=" ">
    <subfield code="a">paper</subfield>
  </datafield>
  <datafield tag="595" ind1=" " ind2=" ">
    <subfield code="a">SIS SLAC2003</subfield>
  </datafield>
  <datafield tag="599" ind1=" " ind2=" ">
    <subfield code="a">ILSSYNC</subfield>
  </datafield>
  <datafield tag="599" ind1=" " ind2=" ">
    <subfield code="a">ILSLINK</subfield>
  </datafield>
  <datafield tag="650" ind1="1" ind2="7">
    <subfield code="2">SzGeCERN</subfield>
    <subfield code="a">Accelerators and Storage Rings</subfield>
  </datafield>
  <datafield tag="650" ind1="2" ind2="7">
    <subfield code="2">SzGeCERN</subfield>
    <subfield code="a">Conference</subfield>
  </datafield>
  <datafield tag="690" ind1="C" ind2=" ">
    <subfield code="a">CONFERENCE</subfield>
  </datafield>
  <datafield tag="690" ind1="C" ind2=" ">
    <subfield code="a">PROCEEDINGS</subfield>
  </datafield>
  <datafield tag="711" ind1=" " ind2=" ">
    <subfield code="a">LCWS 2004</subfield>
  </datafield>
  <datafield tag="856" ind1="4" ind2=" ">
    <subfield code="u">http://polywww.in2p3.fr/actualites/congres/lcws2004/</subfield>
    <subfield code="y">Conference home page</subfield>
  </datafield>
  <datafield tag="916" ind1=" " ind2=" ">
    <subfield code="a">2</subfield>
    <subfield code="s">n</subfield>
    <subfield code="w">200325</subfield>
  </datafield>
  <datafield tag="960" ind1=" " ind2=" ">
    <subfield code="a">42</subfield>
  </datafield>
  <datafield tag="961" ind1=" " ind2=" ">
    <subfield code="c">20100927</subfield>
    <subfield code="h">0929</subfield>
    <subfield code="l">CER01</subfield>
    <subfield code="x">20030616</subfield>
  </datafield>
  <datafield tag="963" ind1=" " ind2=" ">
    <subfield code="a">PUBLIC</subfield>
  </datafield>
  <datafield tag="970" ind1=" " ind2=" ">
    <subfield code="a">002382280CER</subfield>
  </datafield>
  <datafield tag="980" ind1=" " ind2=" ">
    <subfield code="a">PROCEEDINGS</subfield>
  </datafield>
</record>
<record>
  <controlfield tag="001">680523</controlfield>
  <controlfield tag="003">SzGeCERN</controlfield>
  <controlfield tag="005">20170113132530.0</controlfield>
  <datafield tag="024" ind1="8" ind2=" ">
    <subfield code="a">oai:cds.cern.ch:680523</subfield>
    <subfield code="p">cerncds:CONF</subfield>
    <subfield code="p">cerncds:TALK</subfield>
  </datafield>
  <datafield tag="035" ind1=" " ind2=" ">
    <subfield code="9">SLACCONF</subfield>
    <subfield code="a">494119</subfield>
  </datafield>
  <datafield tag="035" ind1=" " ind2=" ">
    <subfield code="9">INSPIRE-CNUM</subfield>
    <subfield code="a">C04-04-01</subfield>
  </datafield>
  <datafield tag="041" ind1=" " ind2=" ">
    <subfield code="a">eng</subfield>
  </datafield>
  <datafield tag="111" ind1=" " ind2=" ">
    <subfield code="9">20040401</subfield>
    <subfield code="a">Annual APS April Meeting</subfield>
    <subfield code="c">Denver, CO, USA</subfield>
    <subfield code="d">1 - 4 May 2004</subfield>
    <subfield code="f">2004</subfield>
    <subfield code="g">denver20040401</subfield>
    <subfield code="w">US</subfield>
    <subfield code="z">20040504</subfield>
  </datafield>
  <datafield tag="260" ind1=" " ind2=" ">
    <subfield code="c">2004</subfield>
  </datafield>
  <datafield tag="595" ind1=" " ind2=" ">
    <subfield code="a">SIS SLAC2003</subfield>
  </datafield>
  <datafield tag="650" ind1="1" ind2="7">
    <subfield code="2">SzGeCERN</subfield>
    <subfield code="a">XX</subfield>
  </datafield>
  <datafield tag="650" ind1="2" ind2="7">
    <subfield code="2">SzGeCERN</subfield>
    <subfield code="a">Meeting</subfield>
  </datafield>
  <datafield tag="690" ind1="C" ind2=" ">
    <subfield code="a">ANNOUNCEMENT</subfield>
  </datafield>
  <datafield tag="690" ind1="C" ind2=" ">
    <subfield code="a">CONFERENCE</subfield>
  </datafield>
  <datafield tag="711" ind1=" " ind2=" ">
    <subfield code="a">Annual APS April Meeting</subfield>
  </datafield>
  <datafield tag="856" ind1="4" ind2=" ">
    <subfield code="u">http://www.aps.org/meet/APR04/</subfield>
    <subfield code="y">Conference home page</subfield>
  </datafield>
  <datafield tag="916" ind1=" " ind2=" ">
    <subfield code="a">x</subfield>
    <subfield code="s">n</subfield>
    <subfield code="w">200345</subfield>
  </datafield>
  <datafield tag="960" ind1=" " ind2=" ">
    <subfield code="a">41</subfield>
  </datafield>
  <datafield tag="961" ind1=" " ind2=" ">
    <subfield code="c">20060708</subfield>
    <subfield code="h">0018</subfield>
    <subfield code="l">CER01</subfield>
    <subfield code="x">20031104</subfield>
  </datafield>
  <datafield tag="963" ind1=" " ind2=" ">
    <subfield code="a">PUBLIC</subfield>
  </datafield>
  <datafield tag="970" ind1=" " ind2=" ">
    <subfield code="a">002407092CER</subfield>
  </datafield>
  <datafield tag="980" ind1=" " ind2=" ">
    <subfield code="a">ANNOUNCEMENT</subfield>
  </datafield>
</record>
<record>
  <controlfield tag="001">680522</controlfield>
  <controlfield tag="003">SzGeCERN</controlfield>
  <controlfield tag="005">20210730151603.0</controlfield>
  <datafield tag="035" ind1=" " ind2=" ">
    <subfield code="9">SLACCONF</subfield>
    <subfield code="a">494127</subfield>
  </datafield>
  <datafield tag="035" ind1=" " ind2=" ">
    <subfield code="9">INSPIRE-CNUM</subfield>
    <subfield code="a">C04-08-26.3</subfield>
  </datafield>
  <datafield tag="041" ind1=" " ind2=" ">
    <subfield code="a">eng</subfield>
  </datafield>
  <datafield tag="111" ind1=" " ind2=" ">
    <subfield code="9">20040826</subfield>
    <subfield code="a">Meeting of the Division of Particles and Fields of the American Physical Society for the Year 2004</subfield>
    <subfield code="c">Riverside, CA, USA</subfield>
    <subfield code="d">26 - 31 Aug 2004</subfield>
    <subfield code="f">2004</subfield>
    <subfield code="g">riverside20040826</subfield>
    <subfield code="i">C04-08-26.3</subfield>
    <subfield code="w">US</subfield>
    <subfield code="z">20040831</subfield>
  </datafield>
  <datafield tag="260" ind1=" " ind2=" ">
    <subfield code="c">2005</subfield>
  </datafield>
  <datafield tag="340" ind1=" " ind2=" ">
    <subfield code="a">ebook</subfield>
  </datafield>
  <datafield tag="595" ind1=" " ind2=" ">
    <subfield code="a">SIS SLAC2003</subfield>
  </datafield>
  <datafield tag="599" ind1=" " ind2=" ">
    <subfield code="a">ILSSYNC</subfield>
  </datafield>
  <datafield tag="599" ind1=" " ind2=" ">
    <subfield code="a">ILSLINK</subfield>
  </datafield>
  <datafield tag="650" ind1="1" ind2="7">
    <subfield code="2">SzGeCERN</subfield>
    <subfield code="a">Particle Physics</subfield>
  </datafield>
  <datafield tag="650" ind1="2" ind2="7">
    <subfield code="2">SzGeCERN</subfield>
    <subfield code="a">Meeting</subfield>
  </datafield>
  <datafield tag="690" ind1="C" ind2=" ">
    <subfield code="a">CONFERENCE</subfield>
  </datafield>
  <datafield tag="690" ind1="C" ind2=" ">
    <subfield code="a">PROCEEDINGS</subfield>
  </datafield>
  <datafield tag="700" ind1=" " ind2=" ">
    <subfield code="a">Ellison, John</subfield>
    <subfield code="e">ed.</subfield>
    <subfield code="0">AUTHOR|(CDS)2071899</subfield>
    <subfield code="9">#BEARD#</subfield>
  </datafield>
  <datafield tag="711" ind1=" " ind2=" ">
    <subfield code="a">DPF 2004</subfield>
  </datafield>
  <datafield tag="773" ind1=" " ind2=" ">
    <subfield code="g">229923</subfield>
    <subfield code="n">14</subfield>
    <subfield code="p">Int. J. Mod. Phys. A</subfield>
    <subfield code="v">20</subfield>
    <subfield code="y">2005</subfield>
  </datafield>
  <datafield tag="773" ind1=" " ind2=" ">
    <subfield code="g">229923</subfield>
    <subfield code="n">15</subfield>
    <subfield code="p">Int. J. Mod. Phys. A</subfield>
    <subfield code="v">20</subfield>
    <subfield code="y">2005</subfield>
  </datafield>
  <datafield tag="773" ind1=" " ind2=" ">
    <subfield code="g">229923</subfield>
    <subfield code="n">16</subfield>
    <subfield code="p">Int. J. Mod. Phys. A</subfield>
    <subfield code="v">20</subfield>
    <subfield code="y">2005</subfield>
  </datafield>
  <datafield tag="916" ind1=" " ind2=" ">
    <subfield code="d">200508</subfield>
    <subfield code="s">r</subfield>
    <subfield code="w">200536</subfield>
  </datafield>
  <datafield tag="960" ind1=" " ind2=" ">
    <subfield code="a">43</subfield>
  </datafield>
  <datafield tag="961" ind1=" " ind2=" ">
    <subfield code="c">20100927</subfield>
    <subfield code="h">0927</subfield>
    <subfield code="l">CER01</subfield>
    <subfield code="x">20031104</subfield>
  </datafield>
  <datafield tag="963" ind1=" " ind2=" ">
    <subfield code="a">PUBLIC</subfield>
  </datafield>
  <datafield tag="970" ind1=" " ind2=" ">
    <subfield code="a">002407091CER</subfield>
  </datafield>
  <datafield tag="980" ind1=" " ind2=" ">
    <subfield code="a">PROCEEDINGS</subfield>
  </datafield>
</record>
<record xmlns="http://www.loc.gov/MARC21/slim">
	<controlfield tag="001">677648</controlfield>
   <datafield tag="961" ind1="" ind2="">
      <subfield code="c">20040726</subfield>
      <subfield code="h">1706</subfield>
      <subfield code="l">CER01</subfield>
      <subfield code="x">20031021</subfield>
   </datafield>
   <datafield tag="970" ind1="" ind2="">
      <subfield code="a">002404476CER</subfield>
   </datafield>
   <datafield tag="980" ind1="" ind2="">
      <subfield code="a">UNKNOWN</subfield>
   </datafield>
   <datafield tag="980" ind1="" ind2="">
      <subfield code="c">DELETED</subfield>
   </datafield>
</record>

<record>
  <controlfield tag="001">684958</controlfield>
  <controlfield tag="003">SzGeCERN</controlfield>
  <controlfield tag="005">20210730151929.0</controlfield>
  <datafield tag="035" ind1=" " ind2=" ">
    <subfield code="9">INSPIRE-CNUM</subfield>
    <subfield code="a">C04-10-16</subfield>
  </datafield>
  <datafield tag="041" ind1=" " ind2=" ">
    <subfield code="a">eng</subfield>
  </datafield>
  <datafield tag="111" ind1=" " ind2=" ">
    <subfield code="9">20041016</subfield>
    <subfield code="a">51st Nuclear Science Symposium and Medical Imaging Conference</subfield>
    <subfield code="c">Rome, Italy</subfield>
    <subfield code="d">16 - 22 Oct 2004</subfield>
    <subfield code="f">2004</subfield>
    <subfield code="g">rome20041016</subfield>
    <subfield code="i">C04-10-16</subfield>
    <subfield code="n">51</subfield>
    <subfield code="w">IT</subfield>
    <subfield code="z">20041022</subfield>
  </datafield>
  <datafield tag="260" ind1=" " ind2=" ">
    <subfield code="a">Piscataway, NJ</subfield>
    <subfield code="b">IEEE</subfield>
    <subfield code="c">2004</subfield>
  </datafield>
  <datafield tag="270" ind1=" " ind2=" ">
    <subfield code="a">IEEE (http://www.ieee.org)</subfield>
    <subfield code="k">+39-050-2214942</subfield>
    <subfield code="l">+39-050-2214333</subfield>
    <subfield code="m">alberto.delguerra@df.unipi.it</subfield>
  </datafield>
  <datafield tag="300" ind1=" " ind2=" ">
    <subfield code="a">7 v</subfield>
    <subfield code="x">Phys.Desc.</subfield>
  </datafield>
  <datafield tag="340" ind1=" " ind2=" ">
    <subfield code="a">paper</subfield>
  </datafield>
  <datafield tag="340" ind1=" " ind2=" ">
    <subfield code="a">ebook</subfield>
  </datafield>
  <datafield tag="500" ind1=" " ind2=" ">
    <subfield code="a">Conference Record (7 vol)</subfield>
  </datafield>
  <datafield tag="595" ind1=" " ind2=" ">
    <subfield code="a">CERN EDS</subfield>
  </datafield>
  <datafield tag="599" ind1=" " ind2=" ">
    <subfield code="a">ILSSYNC</subfield>
  </datafield>
  <datafield tag="599" ind1=" " ind2=" ">
    <subfield code="a">ILSLINK</subfield>
  </datafield>
  <datafield tag="650" ind1="1" ind2="7">
    <subfield code="2">SzGeCERN</subfield>
    <subfield code="a">Detectors and Experimental Techniques</subfield>
  </datafield>
  <datafield tag="650" ind1="2" ind2="7">
    <subfield code="2">SzGeCERN</subfield>
    <subfield code="a">Conference</subfield>
  </datafield>
  <datafield tag="690" ind1="C" ind2=" ">
    <subfield code="a">CONFERENCE</subfield>
  </datafield>
  <datafield tag="690" ind1="C" ind2=" ">
    <subfield code="a">PROCEEDINGS</subfield>
  </datafield>
  <datafield tag="700" ind1=" " ind2=" ">
    <subfield code="a">Seibert, J A</subfield>
    <subfield code="e">ed.</subfield>
  </datafield>
  <datafield tag="711" ind1=" " ind2=" ">
    <subfield code="a">NSS 2004</subfield>
  </datafield>
  <datafield tag="711" ind1=" " ind2=" ">
    <subfield code="a">MIC 2004</subfield>
  </datafield>
  <datafield tag="711" ind1=" " ind2=" ">
    <subfield code="a">NMIS 2004</subfield>
  </datafield>
  <datafield tag="852" ind1=" " ind2=" ">
    <subfield code="c">CERN Central Library</subfield>
    <subfield code="h">Rome 2004</subfield>
  </datafield>
  <datafield tag="856" ind1="4" ind2=" ">
    <subfield code="u">http://nss-mic-rtsd-2004.df.unipi.it/</subfield>
    <subfield code="y">Conference home page</subfield>
  </datafield>
  <datafield tag="856" ind1="4" ind2=" ">
    <subfield code="u">https://ezproxy.cern.ch/login?url=http://ieeexplore.ieee.org/servlet/opac?punumber=9892</subfield>
    <subfield code="y">e-proceedings</subfield>
  </datafield>
  <datafield tag="916" ind1=" " ind2=" ">
    <subfield code="a">d</subfield>
    <subfield code="s">n</subfield>
    <subfield code="w">200347</subfield>
  </datafield>
  <datafield tag="960" ind1=" " ind2=" ">
    <subfield code="a">42</subfield>
  </datafield>
  <datafield tag="961" ind1=" " ind2=" ">
    <subfield code="c">20100927</subfield>
    <subfield code="h">0927</subfield>
    <subfield code="l">CER01</subfield>
    <subfield code="x">20031119</subfield>
  </datafield>
  <datafield tag="963" ind1=" " ind2=" ">
    <subfield code="a">PUBLIC</subfield>
  </datafield>
  <datafield tag="964" ind1=" " ind2=" ">
    <subfield code="a">0001</subfield>
  </datafield>
  <datafield tag="970" ind1=" " ind2=" ">
    <subfield code="a">002411363CER</subfield>
  </datafield>
  <datafield tag="980" ind1=" " ind2=" ">
    <subfield code="a">PROCEEDINGS</subfield>
  </datafield>
  <datafield tag="981" ind1=" " ind2=" ">
    <subfield code="a">002332690CER</subfield>
  </datafield>
</record>
<record>
  <controlfield tag="001">787752</controlfield>
  <controlfield tag="003">SzGeCERN</controlfield>
  <controlfield tag="005">20160622111430.0</controlfield>
  <datafield tag="024" ind1="8" ind2=" ">
    <subfield code="a">oai:cds.cern.ch:787752</subfield>
    <subfield code="p">cerncds:CONF</subfield>
    <subfield code="p">cerncds:TALK</subfield>
  </datafield>
  <datafield tag="041" ind1=" " ind2=" ">
    <subfield code="a">eng</subfield>
  </datafield>
  <datafield tag="111" ind1=" " ind2=" ">
    <subfield code="9">20040524</subfield>
    <subfield code="a">20th INTC Meeting</subfield>
    <subfield code="c">CERN, Geneva, Switzerland</subfield>
    <subfield code="d">24 - 25 May 2004</subfield>
    <subfield code="f">2004</subfield>
    <subfield code="g">cern20040524</subfield>
    <subfield code="n">20</subfield>
    <subfield code="w">CH</subfield>
    <subfield code="z">20040525</subfield>
  </datafield>
  <datafield tag="260" ind1=" " ind2=" ">
    <subfield code="c">2004</subfield>
  </datafield>
  <datafield tag="270" ind1=" " ind2=" ">
    <subfield code="a">European Laboratory for Particle Physics CH-1211 Geneva 23 Switzerland</subfield>
    <subfield code="m">Monique.Budel@cern.ch</subfield>
  </datafield>
  <datafield tag="540" ind1=" " ind2=" ">
    <subfield code="a">CC-BY-4.0</subfield>
  </datafield>
  <datafield tag="542" ind1=" " ind2=" ">
    <subfield code="d">CERN</subfield>
  </datafield>
  <datafield tag="650" ind1="1" ind2="7">
    <subfield code="2">SzGeCERN</subfield>
    <subfield code="a">Detectors and Experimental Techniques</subfield>
  </datafield>
  <datafield tag="650" ind1="2" ind2="7">
    <subfield code="2">SzGeCERN</subfield>
    <subfield code="a">Meeting</subfield>
  </datafield>
  <datafield tag="690" ind1="C" ind2=" ">
    <subfield code="a">CERN</subfield>
  </datafield>
  <datafield tag="690" ind1="C" ind2=" ">
    <subfield code="a">CONFERENCE</subfield>
  </datafield>
  <datafield tag="690" ind1="C" ind2=" ">
    <subfield code="a">ANNOUNCEMENT</subfield>
  </datafield>
  <datafield tag="690" ind1="C" ind2=" ">
    <subfield code="a">PUBLINTC</subfield>
  </datafield>
  <datafield tag="690" ind1="C" ind2=" ">
    <subfield code="a">SCICOM</subfield>
  </datafield>
  <datafield tag="693" ind1=" " ind2=" ">
    <subfield code="a">Not applicable</subfield>
    <subfield code="e">Not applicable</subfield>
  </datafield>
  <datafield tag="710" ind1=" " ind2=" ">
    <subfield code="5">PH</subfield>
  </datafield>
  <datafield tag="916" ind1=" " ind2=" ">
    <subfield code="a">1</subfield>
    <subfield code="s">h</subfield>
    <subfield code="w">200433</subfield>
  </datafield>
  <datafield tag="960" ind1=" " ind2=" ">
    <subfield code="a">41</subfield>
  </datafield>
  <datafield tag="961" ind1=" " ind2=" ">
    <subfield code="c">20090123</subfield>
    <subfield code="h">1801</subfield>
    <subfield code="l">CER01</subfield>
    <subfield code="x">20041109</subfield>
  </datafield>
  <datafield tag="963" ind1=" " ind2=" ">
    <subfield code="a">PUBLIC</subfield>
  </datafield>
  <datafield tag="970" ind1=" " ind2=" ">
    <subfield code="a">002477987CER</subfield>
  </datafield>
  <datafield tag="980" ind1=" " ind2=" ">
    <subfield code="a">ANNOUNCEMENT</subfield>
  </datafield>
  <datafield tag="980" ind1=" " ind2=" ">
    <subfield code="b">SCICOMMPUBLINTC</subfield>
  </datafield>
  <datafield tag="856" ind1="4" ind2=" ">
    <subfield code="u">http://committees.web.cern.ch/</subfield>
    <subfield code="y">Scientific Committees</subfield>
  </datafield>
</record>

</collection>